[Event "British Chess Championships 2023: U14 Championship"]
[Site "The Venue, De Montfort University, 20 Western Boulevard, Leicester, LE2 7BU"]
[Date "2023.07.25"]
[Round "1"]
[Board "1"]
[White "Larchikov, Maksym"]
[Black "Mehta, Sophie"]
[Result "1-0"]
[WhiteElo "1859"]
[BlackElo "1410"]
[PlyCount "53"]
[EventDate "2023.07.25"]
[EventRounds "7"]
[EventCountry "ENG"]

1. d4 Nf6 2. c4 e5 3. dxe5 Ng4 4. Nf3 Bc5 5. e3 Nc6 6. Be2 Ngxe5 7. Nc3 d6 8. O-O
O-O 9. b3 Nxf3+ 10. Bxf3 Ne5 11. Be2 Qh4 12. Nd5 Bb6 13. a4 Be6 14. a5 Bxd5 15. axb6
Bc6 16. bxc7 Rfe8 17. Qxd6 Re6 18. Qd4 Rg6 19. f3 Qh3 20. Rf2 Nd7 21. Bd3 Rg5 22.
e4 Rg6 23. e5 f5 24. exf6 Re8 25. f7+ Kxf7 26. Bxg6+ hxg6 27. gxh3  1-0

[Event "British Chess Championships 2023: U14 Championship"]
[Site "The Venue, De Montfort University, 20 Western Boulevard, Leicester, LE2 7BU"]
[Date "2023.07.25"]
[Round "1"]
[Board "2"]
[White "Eccleston, Bryony"]
[Black "Cancedda-Dupuis, Livio"]
[Result "0-1"]
[WhiteElo "1017"]
[BlackElo "1656"]
[PlyCount "116"]
[EventDate "2023.07.25"]
[EventRounds "7"]
[EventCountry "ENG"]

1. e4 c5 2. d4 cxd4 3. c3 dxc3 4. Nxc3 e6 5. a3 Nc6 6. Bf4 a6 7. Nf3 Nge7 8. Bd3
d5 9. exd5 Nxd5 10. Nxd5 exd5 11. O-O Be7 12. Bc2 O-O 13. Qd3 g6 14. Bb3 Be6 15.
Rad1 Bf6 16. Rd2 Qb6 17. Ng5 Bf5 18. Qg3 Nd4 19. Qh4 Bxg5 20. Bxg5 Nxb3 21. Rxd5
f6 22. Be3 Qe6 23. Rdd1 Rad8 24. Rfe1 Nd4 25. b3 Nc2 26. Rf1 Nxe3 27. fxe3 Qxe3+
28. Kh1 Rd4 29. Qe1 Qxe1 30. Rfxe1 Rfd8 31. Ra1 Bc2 32. b4 Rd1 33. Rexd1 Rxd1+ 34.
Rxd1 Bxd1 35. g3 Kf7 36. Kg2 Ke6 37. Kf2 Kd5 38. Ke1 Kc4 39. Kxd1 Kb3 40. Kd2 Kxa3
41. Kc3 b5 42. h3 h5 43. Kd4 Kxb4 44. Kd5 a5 45. Ke6 a4 46. g4 hxg4 47. hxg4 a3 48.
Kxf6 a2 49. Kxg6 a1=Q 50. g5 Qe5 51. Kh6 Qh8+ 52. Kg6 Qg8+ 53. Kh6 Kc5 54. g6 Kd5
55. g7 Ke5 56. Kg6 b4 57. Kh6 Kf5 58. Kh5 Qh7#  0-1

[Event "British Chess Championships 2023: U14 Championship"]
[Site "The Venue, De Montfort University, 20 Western Boulevard, Leicester, LE2 7BU"]
[Date "2023.07.25"]
[Round "1"]
[Board "3"]
[White "Gulijevs, Eldars"]
[Black "Freeman, Luke"]
[Result "1/2-1/2"]
[WhiteElo "1845"]
[BlackElo "1387"]
[PlyCount "196"]
[EventDate "2023.07.25"]
[EventRounds "7"]
[EventCountry "ENG"]

1. e4 c5 2. c3 Nf6 3. e5 Nd5 4. d4 cxd4 5. cxd4 Nc6 6. Nf3 d6 7. Qb3 dxe5 8. Bc4
e6 9. dxe5 Be7 10. O-O O-O 11. Bxd5 exd5 12. Rd1 Be6 13. Qxb7 Na5 14. Qb5 Nc4 15.
Nc3 Rb8 16. Qc6 Nb6 17. Be3 Bb4 18. Bxb6 Rxb6 19. Qa4 Bxc3 20. bxc3 Qc7 21. Rac1
Rfb8 22. Qh4 Rb2 23. Ng5 h6 24. Nxe6 fxe6 25. c4 dxc4 26. Rxc4 Rb1 27. Rcd4 Rxd1+
28. Rxd1 Qxe5 29. g3 Qf5 30. Rd8+ Rxd8 31. Qxd8+ Kh7 32. Qb8 Qc5 33. Qb3 Qe5 34.
Qa4 Qe1+ 35. Kg2 a5 36. h4 Qe5 37. Qc4 Qd5+ 38. Qxd5 exd5 39. Kf3 Kg6 40. Ke3 Kf5
41. Kd4 Kg4 42. Kxd5 Kf3 43. Ke5 a4 44. Kf5 Kxf2 45. Kf4 a3 46. g4 Ke2 47. Kf5 Kd2
48. Kg6 Kc2 49. Kxg7 Kb2 50. Kxh6 Kxa2 51. g5 Kb2 52. g6 a2 53. g7 a1=Q 54. g8=Q
Qc1+ 55. Qg5 Qc6+ 56. Kh7 Qe4+ 57. Kg7 Qb7+ 58. Kg6 Qe4+ 59. Kh6 Qe6+ 60. Qg6 Qe3+
61. Kh7 Ka2 62. h5 Qe7+ 63. Qg7 Qe4+ 64. Kh8 Ka3 65. h6 Qe8+ 66. Kh7 Qe4+ 67. Kg8
Qd5+ 68. Kf8 Qd8+ 69. Kf7 Qd5+ 70. Ke8 Qa8+ 71. Kd7 Qd5+ 72. Kc7 Qc5+ 73. Kb7 Qb5+
74. Ka8 Qc6+ 75. Kb8 Qb6+ 76. Kc8 Qc6+ 77. Kd8 Qd6+ 78. Ke8 Qb8+ 79. Kf7 Qb3+ 80.
Kg6 Qd3+ 81. Kf6 Qf3+ 82. Ke7 Qb7+ 83. Kf6 Qb2+ 84. Kf7 Qb3+ 85. Ke8 Qb8+ 86. Ke7
Qb4+ 87. Kf6 Qf4+ 88. Kg6 Qe4+ 89. Kh5 Qh1+ 90. Kg6 Qg2+ 91. Kh5 Qh2+ 92. Kg6 Qc2+
93. Kf7 Qc4+ 94. Ke7 Qc5+ 95. Ke6 Qe3+ 96. Kf6 Qf4+ 97. Kg6 Qe4+ 98. Kh5 Qh1+  1/2-1/2

[Event "British Chess Championships 2023: U14 Championship"]
[Site "The Venue, De Montfort University, 20 Western Boulevard, Leicester, LE2 7BU"]
[Date "2023.07.25"]
[Round "1"]
[Board "4"]
[White "Walia, Michael Kanishk"]
[Black "Zhu, Pengxiao"]
[Result "0-1"]
[WhiteElo "1374"]
[BlackElo "1487"]
[PlyCount "40"]
[EventDate "2023.07.25"]
[EventRounds "7"]
[EventCountry "ENG"]

1. e4 e5 2. Nf3 Nc6 3. Bc4 Nf6 4. d3 h6 5. c3 d6 6. Bb3 g5 7. Nbd2 Bg7 8. Nf1 Ne7
9. h3 Ng6 10. g4 O-O 11. Ng3 d5 12. Qe2 Nf4 13. Bxf4 exf4 14. Nf1 dxe4 15. Ne5 exd3
16. Qxd3 Qe7 17. O-O-O Qxe5 18. Nh2 Qe4 19. Qd2 Be6 20. Bc2 Qd5  0-1

[Event "British Chess Championships 2023: U14 Championship"]
[Site "The Venue, De Montfort University, 20 Western Boulevard, Leicester, LE2 7BU"]
[Date "2023.07.25"]
[Round "1"]
[Board "5"]
[White "Blades, Kit"]
[Black "Leung, Hao Ran"]
[Result "1/2-1/2"]
[WhiteElo "1689"]
[BlackElo "1432"]
[PlyCount "68"]
[EventDate "2023.07.25"]
[EventRounds "7"]
[EventCountry "ENG"]

1. e4 c6 2. c4 d5 3. exd5 cxd5 4. cxd5 Qxd5 5. Nc3 Qd8 6. d4 Nf6 7. Nf3 Bg4 8. Bc4
Nbd7 9. Qb3 e6 10. Ne5 Qb6 11. Nxd7 Nxd7 12. Bb5 Qc7 13. Qa4 Bd6 14. Be3 Ke7 15.
Rc1 Qd8 16. d5 Nf6 17. Bg5 Bf5 18. O-O a6 19. Be2 Qb8 20. g3 h6 21. Be3 b5 22. Qh4
g5 23. Qd4 b4 24. Na4 Nxd5 25. Bf3 Be5 26. Qc5+ Qd6 27. Bxd5 exd5 28. Nb6 Rab8 29.
Nxd5+ Ke6 30. Nc7+ Qxc7 31. Qxc7 Bxc7 32. Rxc7 Rhc8 33. Rfc1 Rxc7 34. Rxc7 Be4  1/2-1/2

[Event "British Chess Championships 2023: U14 Championship"]
[Site "The Venue, De Montfort University, 20 Western Boulevard, Leicester, LE2 7BU"]
[Date "2023.07.25"]
[Round "1"]
[Board "6"]
[White "Sadhra, Yuvraj"]
[Black "Xu, Jiarui"]
[Result "0-1"]
[WhiteElo "1426"]
[BlackElo "1642"]
[PlyCount "69"]
[EventDate "2023.07.25"]
[EventRounds "7"]
[EventCountry "ENG"]

1. e4 e5 2. Nf3 Nc6 3. Nc3 d6 4. Bb5 Bd7 5. d3 h6 6. Be3 Nf6 7. Bxc6 Bxc6 8. Qd2
Ng4 9. h3 Nxe3 10. Qxe3 Be7 11. d4 exd4 12. Qxd4 Bf6 13. Qd3 O-O 14. O-O-O a5 15.
g4 Bxc3 16. Qxc3 Bxe4 17. Rhe1 Re8 18. Rd4 Bxf3 19. Rxe8+ Qxe8 20. Qxf3 Qe1+ 21.
Rd1 Qb4 22. c3 Qb6 23. Re1 c6 24. Re7 Rf8 25. Qf4 d5 26. h4 c5 27. Rd7 Qe6 28. Rxb7
d4 29. cxd4 cxd4 30. Qxd4 Qc6+ 31. Qc3 Qxb7 32. Qxa5 Rc8+ 33. Kd2 Qd7+ 34. Ke3 Qxg4
35. Kd3  0-1

[Event "British Chess Championships 2023: U14 Championship"]
[Site "The Venue, De Montfort University, 20 Western Boulevard, Leicester, LE2 7BU"]
[Date "2023.07.25"]
[Round "1"]
[Board "7"]
[White "Catabay, Mae C"]
[Black "Gadiot, Ashton"]
[Result "1-0"]
[WhiteElo "1579"]
[BlackElo "1312"]
[PlyCount "79"]
[EventDate "2023.07.25"]
[EventRounds "7"]
[EventCountry "ENG"]

1. d4 Nf6 2. Nf3 d5 3. c4 e6 4. Nc3 c5 5. e3 Nc6 6. Be2 dxc4 7. O-O cxd4 8. exd4
h6 9. Be3 Bd6 10. Bxc4 a6 11. Rc1 Qc7 12. h3 O-O 13. Qd2 Rd8 14. Bd3 h5 15. a3 Bd7
16. Rfe1 Be8 17. Qe2 Rac8 18. Red1 Bf4 19. Ne4 Nd5 20. Nc3 Nxe3 21. fxe3 Bh6 22.
Ne4 Qb6 23. Kh1 Ne7 24. Ne5 Nf5 25. Nc4 Qc6 26. Qf3 Qd5 27. Nb6 Rxc1 28. Nxd5 Rxd1+
29. Qxd1 exd5 30. Nf6+ gxf6 31. Bxf5 Bxe3 32. Qxh5 Rd6 33. Qg4+ Kf8 34. Qg3 Rb6 35.
Qxe3 Rxb2 36. Qh6+ Ke7 37. Qc1 Re2 38. Qc5+ Kd8 39. Qxd5+ Bd7 40. Qxd7#  1-0

[Event "British Chess Championships 2023: U14 Championship"]
[Site "The Venue, De Montfort University, 20 Western Boulevard, Leicester, LE2 7BU"]
[Date "2023.07.25"]
[Round "1"]
[Board "8"]
[White "Kong, Emma"]
[Black "Parikh, Naavya"]
[Result "1/2-1/2"]
[WhiteElo "1315"]
[BlackElo "1517"]
[PlyCount "159"]
[EventDate "2023.07.25"]
[EventRounds "7"]
[EventCountry "ENG"]

1. d4 d5 2. c4 c6 3. cxd5 cxd5 4. Nf3 Nf6 5. Nc3 e6 6. Bf4 Bd7 7. e3 Bb4 8. Qb3 Nc6
9. Bd3 O-O 10. O-O Rc8 11. a3 Bxc3 12. bxc3 Na5 13. Qb4 h6 14. Be5 Nh7 15. Bd6 Re8
16. Bxh7+ Kxh7 17. Ne5 f6 18. Nxd7 Qxd7 19. Qxa5 Qxd6 20. Qxa7 Rxc3 21. Rfb1 Re7
22. Qb6 Qc7 23. Qxc7 Rexc7 24. g3 Kg6 25. a4 Kf5 26. Rb4 Ke4 27. Kg2 g6 28. Rab1
R7c4 29. Rxb7 Ra3 30. R7b6 e5 31. Rxf6 exd4 32. Rf4+ Ke5 33. exd4+ Rxd4 34. Re1+
Re4 35. Rfxe4+ dxe4 36. a5 Kf5 37. Re3 Rxa5 38. f3 Ra2+ 39. Kg1 Ra1+ 40. Kg2 Ra2+
41. Kg1 Ra4 42. fxe4+ Rxe4 43. Rf3+ Kg4 44. Rf6 Kg5 45. Ra6 Rd4 46. Ra5+ Kg4 47.
Ra6 Kh5 48. Ra5+ g5 49. h3 Rd2 50. Rb5 Rd3 51. Kg2 Rd2+ 52. Kg1 Re2 53. Ra5 Re6 54.
Kg2 Kg6 55. Ra4 h5 56. g4 h4 57. Ra5 Re3 58. Ra6+ Kf7 59. Ra5 Kf6 60. Rf5+ Kg6 61.
Ra5 Rg3+ 62. Kh2 Rf3 63. Kg2 Rf4 64. Rb5 Rf8 65. Ra5 Rf7 66. Rb5 Rg7 67. Ra5 Re7
68. Rb5 Re3 69. Ra5 Re2+ 70. Kh1 Rf2 71. Rb5 Kf6 72. Ra5 Re2 73. Rb5 Re5 74. Rb6+
Ke7 75. Ra6 Rb5 76. Kh2 Rb2+ 77. Kh1 Re2 78. Ra5 Kf6 79. Rf5+ Kg6 80. Ra5  1/2-1/2

[Event "British Chess Championships 2023: U14 Championship"]
[Site "The Venue, De Montfort University, 20 Western Boulevard, Leicester, LE2 7BU"]
[Date "2023.07.25"]
[Round "1"]
[Board "9"]
[White "Welling, Zac"]
[Black "Merchant, Sebastian"]
[Result "1-0"]
[WhiteElo "1661"]
[BlackElo "1391"]
[PlyCount "39"]
[EventDate "2023.07.25"]
[EventRounds "7"]
[EventCountry "ENG"]

1. e4 c5 2. Nc3 Nc6 3. Bb5 Nd4 4. Bc4 e6 5. Nf3 Nxf3+ 6. Qxf3 d6 7. d3 Nf6 8. Bg5
Be7 9. h4 Qc7 10. h5 h6 11. Bf4 a6 12. a4 O-O 13. Qg3 Kh8 14. Ba2 Qc6 15. e5 dxe5
16. Bxe5 Rg8 17. a5 Nd5 18. Nxd5 exd5 19. Qf4 Be6 20. Qxh6#  1-0

[Event "British Chess Championships 2023: U14 Championship"]
[Site "The Venue, De Montfort University, 20 Western Boulevard, Leicester, LE2 7BU"]
[Date "2023.07.25"]
[Round "1"]
[Board "10"]
[White "Kalaiyalahan, Aishwarya"]
[Black "Rastogi, Nayan Keats"]
[Result "1-0"]
[WhiteElo "1389"]
[BlackElo "1540"]
[PlyCount "57"]
[EventDate "2023.07.25"]
[EventRounds "7"]
[EventCountry "ENG"]

1. Nf3 Nf6 2. b3 d5 3. Bb2 e6 4. e3 Be7 5. d4 O-O 6. c4 b6 7. Bd3 Bb7 8. O-O Nbd7
9. Nc3 Ne4 10. Nd2 Ndf6 11. Qc2 Nxc3 12. Bxc3 c5 13. Rfe1 Rc8 14. dxc5 bxc5 15. Bxf6
Bxf6 16. Bxh7+ Kh8 17. Rad1 g6 18. Bxg6 fxg6 19. Qxg6 Qe7 20. e4 Qh7 21. Qg4 d4 22.
Qxe6 Rce8 23. Qd6 Qh5 24. Nf3 Be7 25. Qc7 Bc8 26. Qe5+ Qxe5 27. Nxe5 Rg8 28. Rd3
Bd6 29. Nf7+  1-0

[Event "British Chess Championships 2023: U14 Championship"]
[Site "The Venue, De Montfort University, 20 Western Boulevard, Leicester, LE2 7BU"]
[Date "2023.07.25"]
[Round "1"]
[Board "11"]
[White "Malik, Hunain"]
[Black "Edwards, Leon"]
[Result "1-0"]
[WhiteElo "1675"]
[BlackElo "1387"]
[PlyCount "113"]
[EventDate "2023.07.25"]
[EventRounds "7"]
[EventCountry "ENG"]

1. e4 d5 2. exd5 Nf6 3. d4 Nxd5 4. c4 Nf6 5. Nf3 e6 6. Be2 c5 7. h3 cxd4 8. Qxd4
Qxd4 9. Nxd4 a6 10. O-O Be7 11. Nc3 O-O 12. Na4 e5 13. Nb6 Ra7 14. Nb3 Nbd7 15. Be3
Nxb6 16. Bxb6 Ra8 17. Rfe1 Bb4 18. Red1 Be6 19. a3 Be7 20. Na5 Nd7 21. Be3 f5 22.
b4 f4 23. Bc1 b6 24. Nb3 Rac8 25. f3 Nf6 26. Bb2 Bxc4 27. Bxc4+ Rxc4 28. Bxe5 Nh5
29. Rac1 Rfc8 30. Rxc4 Rxc4 31. Nd2 Rc2 32. Ne4 Ra2 33. Ra1 Rxa1+ 34. Bxa1 a5 35.
bxa5 bxa5 36. a4 Kf7 37. Bc3 Bb4 38. Bxb4 axb4 39. Kf2 Ke6 40. Ke2 Kd5 41. Kd3 Ng3
42. Nxg3 fxg3 43. a5 Kc5 44. a6 b3 45. Kc3 b2 46. Kxb2 Kb6 47. Kc3 Kxa6 48. Kd4 Kb7
49. Ke5 Kc7 50. Ke6 Kd8 51. Kf7 g5 52. Kg7 h5 53. Kg6 g4 54. fxg4 hxg4 55. hxg4 Ke8
56. g5 Kf8 57. Kh7  1-0

[Event "British Chess Championships 2023: U14 Championship"]
[Site "The Venue, De Montfort University, 20 Western Boulevard, Leicester, LE2 7BU"]
[Date "2023.07.25"]
[Round "1"]
[Board "12"]
[White "Mouskos, Mia"]
[Black "Spirling, Florence"]
[Result "0-1"]
[WhiteElo "1374"]
[BlackElo "1180"]
[PlyCount "154"]
[EventDate "2023.07.25"]
[EventRounds "7"]
[EventCountry "ENG"]

1. e4 d5 2. exd5 Qxd5 3. Nc3 Qa5 4. d4 c6 5. Nf3 Bg4 6. Bc4 Nf6 7. O-O e6 8. Be3
Bd6 9. h3 Bxf3 10. Qxf3 Nbd7 11. Bd3 O-O 12. Rfe1 Rad8 13. a3 e5 14. Ne4 Nxe4 15.
Bxe4 Nf6 16. Bg5 exd4 17. Bxf6 gxf6 18. Qxf6 Bb8 19. Qh6 f5 20. Qe6+ Kh8 21. b4 Qc7
22. g3 fxe4 23. Qxe4 Qf7 24. Re2 Rfe8 25. Qd3 Rxe2 26. Qxe2 Qe8 27. Qd2 Qd7 28. Re1
Rf8 29. Re4 Rd8 30. Qg5 Qd6 31. Rg4 Qf8 32. Qd2 Be5 33. Qg5 Bf6 34. Qf5 Rd5 35. Qd3
Qe7 36. Re4 Re5 37. Rg4 Re1+ 38. Kg2 Qe6 39. a4 Qd5+ 40. f3 Re3 41. Qf1 Qe5 42. Re4
Rxe4 43. fxe4 Qxe4+ 44. Kg1 Qe6 45. Qf4 Qe5 46. Qg4 Qe7 47. Qc8+ Kg7 48. Qg4+ Kf8
49. Qc8+ Kf7 50. Qf5 Qe1+ 51. Kg2 Qd2+ 52. Kg1 Qe3+ 53. Kg2 Qd2+ 54. Kg1 Qh6 55.
Qd7+ Kg6 56. Qe6 Qe3+ 57. Qxe3 dxe3 58. Kf1 Kf5 59. Ke2 Ke4 60. h4 a6 61. c4 Bc3
62. b5 axb5 63. axb5 cxb5 64. cxb5 Bd4 65. h5 Kd5 66. g4 Kc5 67. b6 Kxb6 68. g5 Kc6
69. g6 hxg6 70. hxg6 Kd5 71. g7 Bxg7 72. Kxe3 Kc4 73. Kd2 Kb3 74. Kc1 b5 75. Kb1
b4 76. Kc1 Ka2 77. Kc2 b3+  0-1

[Event "British Chess Championships 2023: U14 Championship"]
[Site "The Venue, De Montfort University, 20 Western Boulevard, Leicester, LE2 7BU"]
[Date "2023.07.25"]
[Round "1"]
[Board "13"]
[White "Vaidyanathan, Sathya"]
[Black "Sharma, Rishan"]
[Result "1/2-1/2"]
[WhiteElo "1465"]
[BlackElo "1370"]
[PlyCount "82"]
[EventDate "2023.07.25"]
[EventRounds "7"]
[EventCountry "ENG"]

1. b4 Nf6 2. Bb2 d6 3. e3 g6 4. c4 Bg7 5. d4 O-O 6. Nf3 Bg4 7. Be2 Nbd7 8. Nbd2 c6
9. h3 Bxf3 10. Bxf3 e5 11. Ne4 Nxe4 12. Bxe4 f5 13. Bf3 e4 14. Be2 Qg5 15. g3 a5
16. bxa5 f4 17. exf4 Qxa5+ 18. Qd2 Qb6 19. O-O Nc5 20. dxc5 Qxb2 21. Qxb2 Bxb2 22.
Rab1 Bd4 23. cxd6 b6 24. Rfd1 c5 25. Rxb6 Rxa2 26. Kf1 g5 27. d7 Rd8 28. Rb7 gxf4
29. gxf4 Kf7 30. Rdb1 e3 31. fxe3 Bxe3 32. Bg4 Rf2+ 33. Ke1 Rxf4 34. Rb8 Bf2+ 35.
Ke2 Bh4 36. Rxd8 Bxd8 37. Rb8 Ke7 38. Kd3 h5 39. Bxh5 Rd4+ 40. Kc3 Kxd7 41. Bg4+
Ke7  1/2-1/2

[Event "British Chess Championships 2023: U14 Championship"]
[Site "The Venue, De Montfort University, 20 Western Boulevard, Leicester, LE2 7BU"]
[Date "2023.07.25"]
[Round "1"]
[Board "14"]
[White "Martin, Ryan"]
[Black "Mittal, Aditya"]
[Result "1/2-1/2"]
[WhiteElo "1354"]
[BlackElo "1421"]
[PlyCount "51"]
[EventDate "2023.07.25"]
[EventRounds "7"]
[EventCountry "ENG"]

1. e4 e6 2. d4 d5 3. Nc3 Be7 4. exd5 exd5 5. Bd3 Nf6 6. Bg5 c6 7. Nge2 b6 8. Qd2
Ba6 9. Ng3 Bxd3 10. Qxd3 h6 11. Bd2 g6 12. O-O Kf8 13. Rae1 Kg7 14. f4 Nbd7 15. f5
g5 16. Re2 Bd6 17. Rfe1 Qc7 18. Nf1 b5 19. b3 Nb6 20. Rb1 Rhe8 21. Be1 Rxe2 22. Nxe2
Re8 23. Bg3 Nc8 24. Nd2 Bxg3 25. Nxg3 Nd6 26. Nf3  1/2-1/2

[Event "British Chess Championships 2023: U14 Championship"]
[Site "The Venue, De Montfort University, 20 Western Boulevard, Leicester, LE2 7BU"]
[Date "2023.07.25"]
[Round "1"]
[Board "15"]
[White "Oh, Julie"]
[Black "Chapman, Luke"]
[Result "1-0"]
[WhiteElo "1374"]
[BlackElo "1344"]
[PlyCount "100"]
[EventDate "2023.07.25"]
[EventRounds "7"]
[EventCountry "ENG"]

1. e4 e6 2. d4 d5 3. e5 c5 4. c3 Nc6 5. Bb5 Bd7 6. Bxc6 Bxc6 7. Nf3 Qb6 8. O-O Nh6
9. Nbd2 Nf5 10. Nb3 Ba4 11. dxc5 Bxc5 12. Nfd4 Bxd4 13. cxd4 Bxb3 14. axb3 Qxd4 15.
Qc2 Qxe5 16. Rxa7 Qb8 17. Rxa8 Qxa8 18. Qc5 Qd8 19. Re1 Nd6 20. Qxd5 O-O 21. Qf3
Qb6 22. Be3 Qa5 23. Rd1 Nf5 24. Qxb7 Nxe3 25. fxe3 Qe5 26. Qb6 h6 27. b4 Rb8 28.
Rd8+ Rxd8 29. Qxd8+ Kh7 30. Qd3+ g6 31. Qd4 Qb5 32. h3 Qe2 33. Qc5 g5 34. b5 g4 35.
hxg4 Qd1+ 36. Kf2 Qd2+ 37. Kf3 Qd1+ 38. Kf4 Qf1+ 39. Ke5 Qxg2 40. b6 Qxb2+ 41. Kd6
Qh2+ 42. Kd7 Qd2+ 43. Kc8 Qa2 44. b7 Qa6 45. Qc7 h5 46. Kd8 Qd3+ 47. Kc8 Qa6 48.
gxh5 e5 49. Qxf7+ Kh8 50. Qe8+ Kh7  1-0

[Event "British Chess Championships 2023: U14 Championship"]
[Site "The Venue, De Montfort University, 20 Western Boulevard, Leicester, LE2 7BU"]
[Date "2023.07.25"]
[Round "1"]
[Board "16"]
[White "Eradi, Madhav"]
[Black "Gorskovs, Andrejs"]
[Result "1/2-1/2"]
[WhiteElo "1339"]
[BlackElo "1414"]
[PlyCount "70"]
[EventDate "2023.07.25"]
[EventRounds "7"]
[EventCountry "ENG"]

1. e4 e5 2. Nf3 Nc6 3. Bb5 a6 4. Ba4 Nf6 5. O-O Be7 6. d3 b5 7. Bb3 d5 8. exd5 Nxd5
9. Re1 f6 10. c3 Bg4 11. h3 Bh5 12. d4 exd4 13. cxd4 O-O 14. Nc3 Bf7 15. Nxd5 Bxd5
16. Be3 Na5 17. Bxd5+ Qxd5 18. Bf4 Bd6 19. Bxd6 Qxd6 20. Rc1 Rad8 21. Re3 Nc4 22.
Qb3 Kh8 23. Rd3 Ne5 24. Rd2 Nxf3+ 25. Qxf3 Qb6 26. Rcd1 Rf7 27. a3 Rfd7 28. Qe3 c6
29. b4 h6 30. Qe4 Rd5 31. f3 a5 32. Qe3 axb4 33. axb4 R8d6 34. Kh1 Qc7 35. Rd3 Rd7
 1/2-1/2

[Event "British Chess Championships 2023: U14 Championship"]
[Site "The Venue, De Montfort University, 20 Western Boulevard, Leicester, LE2 7BU"]
[Date "2023.07.25"]
[Round "1"]
[Board "17"]
[White "Bhatia, Kanishka"]
[Black "Ajaykumar, Arav"]
[Result "1-0"]
[WhiteElo "1592"]
[BlackElo "1289"]
[PlyCount "83"]
[EventDate "2023.07.25"]
[EventRounds "7"]
[EventCountry "ENG"]

1. e4 e5 2. Bc4 Nc6 3. Nc3 Nf6 4. d3 h6 5. Be3 Be7 6. Nf3 O-O 7. h3 d6 8. O-O Na5
9. Bb3 Nxb3 10. axb3 Nh7 11. d4 exd4 12. Nxd4 Bg5 13. f4 Bf6 14. Nd5 Re8 15. Qf3
c6 16. Nc3 Bd7 17. Bf2 c5 18. Nde2 Bc6 19. Qd3 Qe7 20. Ng3 Bxc3 21. bxc3 Bxe4 22.
Nxe4 Qxe4 23. Qxd6 Qxc2 24. Qxc5 Qxb3 25. Rxa7 Rxa7 26. Qxa7 Nf6 27. Bd4 Nd5 28.
Qc5 Re7 29. Qc8+ Kh7 30. Qf5+ g6 31. Qc8 f6 32. Qd8 Rf7 33. f5 g5 34. Re1 Kg7 35.
Re8 Qb1+ 36. Kh2 Qxf5 37. Rg8+ Kh7 38. Rh8+ Kg6 39. Qg8+ Rg7 40. Qe8+ Rf7 41. Rg8+
Kh5 42. Qxf7+  1-0

[Event "British Chess Championships 2023: U14 Championship"]
[Site "The Venue, De Montfort University, 20 Western Boulevard, Leicester, LE2 7BU"]
[Date "2023.07.25"]
[Round "1"]
[Board "18"]
[White "Ou, Siyuan"]
[Black "Thomas, James"]
[Result "0-1"]
[WhiteElo "1232"]
[BlackElo "1588"]
[PlyCount "64"]
[EventDate "2023.07.25"]
[EventRounds "7"]
[EventCountry "ENG"]

1. e4 e6 2. d4 d5 3. e5 c5 4. c3 Nc6 5. Nf3 Qb6 6. a3 c4 7. Be2 Na5 8. Nbd2 Bd7 9.
O-O Ne7 10. Rb1 Qc7 11. Re1 Nc8 12. Ra1 Nb6 13. Bf1 Ba4 14. Qe2 h6 15. g3 O-O-O 16.
h3 Be7 17. h4 g5 18. h5 Kb8 19. Nh2 Rhf8 20. Bh3 Rde8 21. g4 f6 22. f3 fxe5 23. Qxe5
Bd6 24. Qe2 e5 25. Qf2 exd4 26. Rxe8+ Rxe8 27. cxd4 Bg3 28. Qg2 Bd1 29. Ndf1 Bxh2+
30. Nxh2 Re2 31. Qh1 Qg3+ 32. Bg2 Qf2#  0-1

[Event "British Chess Championships 2023: U14 Championship"]
[Site "The Venue, De Montfort University, 20 Western Boulevard, Leicester, LE2 7BU"]
[Date "2023.07.25"]
[Round "1"]
[Board "19"]
[White "Aleksandrov, Igor"]
[Black "Sohi, Aarav"]
[Result "0-1"]
[WhiteElo "1411"]
[BlackElo "1230"]
[PlyCount "84"]
[EventDate "2023.07.25"]
[EventRounds "7"]
[EventCountry "ENG"]

1. d4 d5 2. c4 c6 3. cxd5 cxd5 4. Nc3 Nf6 5. Bf4 e6 6. e3 Be7 7. Nf3 Nc6 8. Bd3 O-O
9. O-O a6 10. a3 Re8 11. Ne5 Bd7 12. Rc1 Rc8 13. Na4 Nxe5 14. Rxc8 Qxc8 15. Bxe5
Qc6 16. Bxf6 Bxf6 17. Nc5 Be7 18. b4 b5 19. Qb1 g6 20. g3 Ra8 21. Rc1 Rc8 22. h4
Bd8 23. h5 a5 24. Kg2 a4 25. Rh1 Kg7 26. Rh2 Be7 27. hxg6 fxg6 28. Qh1 Rh8 29. f4
h6 30. Qb1 g5 31. f5 Bxc5 32. dxc5 exf5 33. Bxf5 Rf8 34. Bxd7 Qxd7 35. Qd1 Qf5 36.
Qe2 Qe4+ 37. Kh3 Rf3 38. Qe1 Rxe3 39. Qf2 Rxa3 40. Qd2 g4+ 41. Kh4 Qe7+ 42. Kxg4
Qg5+  0-1

[Event "British Chess Championships 2023: U14 Championship"]
[Site "The Venue, De Montfort University, 20 Western Boulevard, Leicester, LE2 7BU"]
[Date "2023.07.25"]
[Round "1"]
[Board "20"]
[White "Tagg, Ann"]
[Black "Roul, Tushar"]
[Result "0-1"]
[WhiteElo "1133"]
[BlackElo "1545"]
[PlyCount "82"]
[EventDate "2023.07.25"]
[EventRounds "7"]
[EventCountry "ENG"]

1. e4 c6 2. Nf3 d5 3. exd5 cxd5 4. d4 Nc6 5. Bb5 Bg4 6. h3 Bxf3 7. Qxf3 e6 8. Bf4
Qb6 9. Bxc6+ bxc6 10. b3 Qxd4 11. Nc3 Bb4 12. Bd2 Qe5+ 13. Qe3 Qf6 14. O-O Ne7 15.
Rad1 d4 16. Qe4 dxc3 17. Bxc3 Bxc3 18. Qd3 Nd5 19. Qa6 O-O 20. Qxc6 a5 21. Rde1 h6
22. Qc4 a4 23. b4 a3 24. Qg4 Qf4 25. Qe2 Qxb4 26. Rb1 Qd6 27. Qe4 Rfb8 28. Rbd1 Rb2
29. Ra1 Rab8 30. g3 Qb4 31. Qxb4 Nxb4 32. Rac1 Nxa2 33. Rfd1 Nb4 34. Rd2 a2 35. Kf1
Rb1 36. Rdd1 Nxc2 37. Rxb1 Rxb1 38. Rxb1 axb1=Q+ 39. Kg2 Nd4 40. g4 Qe4+ 41. Kf1
Nc2  0-1

[Event "British Chess Championships 2023: U14 Championship"]
[Site "The Venue, De Montfort University, 20 Western Boulevard, Leicester, LE2 7BU"]
[Date "2023.07.25"]
[Round "1"]
[Board "21"]
[White "Swiatkowski, Dominik"]
[Black "Miler, Jakub"]
[Result "1-0"]
[WhiteElo "1361"]
[BlackElo "1100"]
[PlyCount "85"]
[EventDate "2023.07.25"]
[EventRounds "7"]
[EventCountry "ENG"]

1. e4 e5 2. Nf3 Nc6 3. d4 exd4 4. Nxd4 Nf6 5. Nxc6 bxc6 6. e5 Qe7 7. Qe2 Nd5 8. c4
Nb6 9. b3 g6 10. Bb2 Bg7 11. g3 Rb8 12. Nd2 Ba6 13. O-O-O O-O 14. Bh3 d6 15. Rhe1
Rfe8 16. e6 Bxb2+ 17. Kxb2 Qf6+ 18. Kb1 d5 19. exf7+ Kxf7 20. Qf3 Qxf3 21. Nxf3 Rxe1
22. Rxe1 Nxc4 23. Kc1 Na3 24. Ne5+ Kg7 25. Nxc6 Rf8 26. f4 Rf7 27. Be6 Rf6 28. Bxd5
Rf5 29. Re7+ Kf6 30. Bg8 g5 31. Rxh7 Kg6 32. Ne7+ Kf6 33. Rf7+ Ke6 34. Nxf5 gxf4
35. gxf4 Bd3 36. Nd4+ Kd5 37. Rd7+ Ke4 38. Bh7+ Kxf4 39. Bxd3 c5 40. Nb5 Nxb5 41.
Bxb5 a5 42. h4 Kg4 43. Rh7  1-0